New Zealand National Rugby Team - Statistics

General Stats
  • This quiz has been taken 120 times
    52 since last reset
  • The average score is 17 of 26
Answer Stats
Caps Tries Points Player % Correct
112 29 1598 Dan Carter
98%
144 46 830 Beauden Barrett
93%
148 27 135 Richie McCaw
93%
153 7 35 Sam Whitelock
93%
78 26 306 Jordie Barrett
91%
125 29 147 Aaron Smith
79%
84 39 195 Ben Smith
79%
54 46 230 Julian Savea
79%
109 9 45 Brodie Retallick
77%
63 37 185 Jonah Lomu
77%
132 12 60 Keven Mealamu
67%
127 26 130 Kieran Read
67%
88 39 195 Rieko Ioane
67%
56 11 464 Richie Mo'unga
63%
53 45 225 Will Jordan
58%
70 7 967 Andrew Mehrtens
56%
68 46 230 Joe Rokocoko
56%
62 49 245 Doug Howlett
53%
50 5 322 Aaron Cruden
49%
58 46 236 Christian Cullen
49%
46 1 645 Grant Fox
49%
118 10 50 Tony Woodcock
49%
108 0 0 Owen Franks
47%
35 14 291 Carlos Spencer
42%
74 22 380 Damian McKenzie
40%
60 44 234 Jeff Wilson
37%
No matching quizzes found
Score Distribution
Percent of People with Each Score
Percentile by Number Answered
Your Score History
You have not taken this quiz since the last reset